How loud can you burp? : (Record no. 2503)

MARC details
000 -LEADER
fixed length control field 01553cam a2200337 a 4500
001 - CONTROL NUMBER
control field 2503
003 - CONTROL NUMBER IDENTIFIER
control field FISKH
005 - DATE AND TIME OF LATEST TRANSACTION
control field 20250318112904.0
008 - FIXED-LENGTH DATA ELEMENTS--GENERAL INFORMATION
fixed length control field 100420t20092007nyua j 001 0 eng c
010 ## - LIBRARY OF CONGRESS CONTROL NUMBER
LC control number 2010278577
020 ## - INTERNATIONAL STANDARD BOOK NUMBER
International Standard Book Number 9781596435063 (pbk.)
020 ## - INTERNATIONAL STANDARD BOOK NUMBER
International Standard Book Number 9780545290630
020 ## - INTERNATIONAL STANDARD BOOK NUMBER
International Standard Book Number 1596435062 (pbk.)
035 ## - SYSTEM CONTROL NUMBER
System control number (OCoLC)ocn317455738
040 ## - CATALOGING SOURCE
Original cataloging agency BTCTA
Language of cataloging eng
Transcribing agency BTCTA
Modifying agency ORX
-- JN6
-- XY4
-- UBY
-- TXDCK
-- OCLCQ
-- DLC
042 ## - AUTHENTICATION CODE
Authentication code pcc
050 00 - LIBRARY OF CONGRESS CALL NUMBER
Classification number Q163
Item number .M973 2009
082 ## - DEWEY DECIMAL CLASSIFICATION NUMBER
Classification number 500
100 1# - MAIN ENTRY--PERSONAL NAME
Personal name Murphy, Glenn.
245 10 - TITLE STATEMENT
Title How loud can you burp? :
Remainder of title more extremely important questions (and answers!) /
Statement of responsibility, etc. Glenn Murphy.
250 ## - EDITION STATEMENT
Edition statement First Scholastic printing, October 2010
260 ## - PUBLICATION, DISTRIBUTION, ETC.
Place of publication, distribution, etc. New York :
Name of publisher, distributor, etc. Scholastic,
Date of publication, distribution, etc. 2007
300 ## - PHYSICAL DESCRIPTION
Extent 284 pages :
Other physical details illustrations ;
Dimensions 20 cm
520 ## - SUMMARY, ETC.
Summary, etc. How loud can your average middle-grader burp? Parents, librarians, and innocent bystanders are about to find out. This follow-up to the equally alluring Why is Snot Green? tackles more of life's burning questions, many submitted by real-life ten-year-olds. Could we use animal poop to make electricity? What's the world's deadliest disease? Why is your mother turning green? Part silly, part serious, and a big part scatological, How Loud Can You Burp? is destined for greatness and grossness.
521 8# - TARGET AUDIENCE NOTE
Target audience note 960<br/>
Source Lexile NC
650 #0 - SUBJECT ADDED ENTRY--TOPICAL TERM
Topical term or geographic name entry element Science
Form subdivision Miscellanea
-- Juvenile literature.
650 #1 - SUBJECT ADDED ENTRY--TOPICAL TERM
Topical term or geographic name entry element Science
Form subdivision Miscellanea.
655 #0 - INDEX TERM--GENRE/FORM
Genre/form data or focus term Children's questions and answers.
906 ## - LOCAL DATA ELEMENT F, LDF (RLIN)
a 7
b cbc
c pccadap
d 2
e ncip
f 20
g y-gencatlg
942 ## - ADDED ENTRY ELEMENTS (KOHA)
Source of classification or shelving scheme Dewey Decimal Classification
Koha item type Books
Suppress in OPAC No
Holdings
Withdrawn status Lost status Source of classification or shelving scheme Damaged status Not for loan Collection Home library Current library Shelving location Date acquired Total Checkouts Full call number Barcode Date last seen Copy number Price effective from Koha item type Date due Date last checked out
    Dewey Decimal Classification     Non-Fiction Footprints International School Library Network Toul Kork Campus Footprints International School Library Network Toul Kork Campus   12/13/2023   MUR 500 Q163 FISSE00826 12/13/2023 1 12/13/2023 Books    
    Dewey Decimal Classification     Non-Fiction Footprints International School Library Network Toul Tom Poung Campus Footprints International School Library Network Toul Tom Poung Campus TTP Secondary Non-Fiction Bookshelves 03/18/2025 1 MUR 500 Q163 FIS04630 04/30/2026 2 03/18/2025 Books 05/14/2026 04/30/2026